LEADER 02197nam 22004573u 450 001 9910460974303321 005 20210301190234.0 010 $a1-283-26148-0 010 $a9786613261489 010 $a0-8133-4620-7 035 $a(CKB)2670000000108174 035 $a(EBL)746908 035 $a(OCoLC)777595272 035 $a(MiAaPQ)EBC746908 035 $a(EXLCZ)992670000000108174 100 $a20130418d2003|||| u|| | 101 0 $aeng 135 $aur|n|---||||| 200 10$aCivil Society$b[electronic resource] $eThe American Model And Third World Development 210 $aNew York $cWestview Press$d2003 215 $a1 online resource (183 p.) 300 $aDescription based upon print version of record. 311 $a0-8133-4077-2 327 $aCONTENTS; Preface; PART I: INTRODUCTION; 1 Civil Society, Democracy, and Corporatism in the Third World; PART II: THEORY AND CONCEPTS; 2 Civil Society: History and Meaning(s); 3 Corporatist Systems of Civil Society; PART III: CASE STUDIES IN CIVIL SOCIETY; 4 Sub-Saharan Africa; 5 East Asia; 6 Latin America; 7 The Middle East and Islamic Society; 8 Is Civil Society Exportable?: The American Modeland Third World Development; Suggested Readings; About the Author; Index 330 $aConsiders the possibility of opening up economies and societies of the Third World to democracy; specifically the role of civil society in contributing to democracy and the varieties of civil society and state-society relations in distinct Third World areas. 606 $aEconomic development -- Political aspects 606 $aInformation technology -- Political aspects -- Developing countries 606 $aTechnology and state -- Developing countries 608 $aElectronic books. 615 4$aEconomic development -- Political aspects. 615 4$aInformation technology -- Political aspects -- Developing countries. 615 4$aTechnology and state -- Developing countries. 676 $a303.483 700 $aWiarda$b Howard J$0253499 801 0$bAU-PeEL 801 1$bAU-PeEL 801 2$bAU-PeEL 906 $aBOOK 912 $a9910460974303321 996 $aCivil Society$92134190 997 $aUNINA LEADER 03498nam 22004811 450 001 9910796523603321 005 20190626093806.0 010 $a1-350-98535-X 010 $a1-78672-230-5 024 7 $a10.5040/9781350985353 035 $a(CKB)4100000001038130 035 $a(MiAaPQ)EBC4890600 035 $a(OCoLC)1114393635 035 $a(UtOrBLW)bpp09263498 035 $a(EXLCZ)994100000001038130 100 $a20190708d2017 uy 0 101 0 $aeng 135 $aurcnu|||||||| 181 $2rdacontent 182 $2rdamedia 183 $2rdacarrier 200 10$aArchitecture and the Turkish city $ean urban history of Istanbul since the Ottomans /$fMurat Gu?l 205 $aFirst edition. 210 1$aLondon ;$aNew York :$cBloomsbury Publishing,$d2017. 215 $a1 online resource (x, 326 pages) $cillustrations, map 300 $aCompliant with Level AA of the Web Content Accessibility Guidelines. Content is displayed as HTML full text which can easily be resized or read with assistive technology, with mark-up that allows screen readers and keyboard-only users to navigate easily. 311 $a1-78453-105-7 320 $aIncludes bibliographical references and index. 327 $aChapter 1: Introduction: Historical Background -- Chapter 2: Early Moderns 1900-1930 -- Chapter 3: Secularisation of Architecture and the City: 1930-1950 -- Chapter 4: Istanbul Encounters West: Architecture and Cities in the Postwar Period -- Chapter 5: Post-Statist Period: Istanbul Architecture and Urban Planning in the 1980s -- Chapter 6: Early Twentieth Century: Istanbul on the Move -- Chapter 7: Conclusion. 330 $a"Architecture and urban planning have always been used by political regimes to stamp their ideologies upon cities, and this is especially the case in the modern Turkish Republic. By exploring Istanbul's modern architectural and urban history, Murat Gul highlights the dynamics of political and social change in Turkey from the late-Ottoman period until today. Looking beyond pure architectural styles or the physical manifestations of Istanbul's cultural landscape, he offers critical insight into how Turkish attempts to modernise have affected both the city and its population. Charting the diverse forces evident in Istanbul's urban fabric, the book examines late Ottoman reforms, the Turkish Republic's turn westward for inspiration, Cold War alliances and the AK Party's reaffirmation of cultural ties with the Middle East and the Balkans. Telltale signs of these moments - revivalist architecture drawing on Ottoman and Seljuk styles, 1930s Art Deco, post-war International Style buildings and the proliferation of shopping malls, luxurious gated residences and high-rise towers, for example - are analysed and illustrated in extensive detail.Connecting this rich history to present-day Istanbul, whose urban development is characterised anew by intense social stratification, the book will appeal to researchers of Turkey, its architecture and urban planning."--Bloomsbury Publishing. 606 $aArchitecture$zTurkey$zIstanbul$xHistory 606 $aCity planning$zTurkey$zIstanbul 606 $2History of architecture 615 0$aArchitecture$xHistory. 615 0$aCity planning 676 $a720.949618 700 $aGu?l$b Murat$0785859 801 0$bUtOrBLW 801 1$bUtOrBLW 906 $aBOOK 912 $a9910796523603321 996 $aArchitecture and the Turkish city$93861129 997 $aUNINA